| 000 | 00799nac a22002411u 4500 | ||
|---|---|---|---|
| 010 | _a2002483215 | ||
| 020 | _a3770170814 : | ||
| 035 | _a(UkLWHE)b000124626 | ||
| 082 | 0 | 0 |
_a385.360222 _bLEG |
| 090 |
_c9375 _d9375 |
||
| 100 | _a20080729 | ||
| 245 | 0 | 0 |
_aLegendary trains : the great locomotives of the world past and present / _cEdited by [Thomas Hornung]. |
| 260 |
_aLondon : _bDumonte monte,2001. _cc2001. |
||
| 300 |
_a440 p. : _bill. (some col.) ; _c32 cm. |
||
| 500 | _aEditor statement from cover. | ||
| 500 | _aIncludes index. | ||
| 500 | _aDistributer: Al-Ahram | ||
| 511 | _aCatalogued by: Sara | ||
| 650 | 0 |
_aRailroads _xHistory. |
|
| 650 | 0 |
_aLocomotives _xHistory. |
|
| 700 | 1 | _aHornung, Thomas. | |
| 942 |
_cNB _k385.360222LEG |
||
| 999 |
_c9375 _d9375 |
||